Unleashing change : a study of organizational renewal in government /

Bibliographic Details
Main Author: Kelman, Steven
Format: Book
Language:English
Published: Washington, D.C. : Brookings Institution Press, [2005]
Subjects:

MARC

Tag First Indicator Second Indicator Subfields
LEADER 00000cam a22000004a 4500
001 in00002053713
005 20151101063702.0
008 050407s2005 dcu b 001 0 eng
010 |a  2005009621 
020 |a 081574899X (isbn-10, paper : alk. paper) 
024 3 |a 9780815748991 
035 |a (OCoLC)ocm59881912 
040 |a DLC  |c DLC  |d TXA  |d UtOrBLW 
042 |a pcc 
049 |a TXAM 
050 0 0 |a JF1525.O73  |b K45 2005 
082 0 0 |a 352.3/67  |2 22 
100 1 |a Kelman, Steven. 
245 1 0 |a Unleashing change :  |b a study of organizational renewal in government /  |c Steven Kelman. 
264 1 |a Washington, D.C. :  |b Brookings Institution Press,  |c [2005] 
264 4 |c ©2005 
300 |a x, 308 pages ;  |c 23 cm. 
336 |a text  |b txt  |2 rdacontent 
337 |a unmediated  |b n  |2 rdamedia 
338 |a volume  |b nc  |2 rdacarrier 
504 |a Includes bibliographical references and index. 
505 0 |a Introduction: Organizational change and improving the performance of government -- The traditional procurement system and the difficulties of change -- Discontent on the front lines -- Joining the reform coalition -- Changes at the top and the unleashing of reform -- Initiating change : implications for theory and practice -- How a change effort feeds on itself : theory -- How a change effort feeds on itself : evidence -- From attitude to behavior -- "Deepening" and organizational change -- Consolidating change : implications for theory and practice -- Appendix A: Specifying models and determinants -- Appendix B: Methodological considerations involved in using only one case. 
650 0 |a Organizational change. 
650 0 |a Public administration. 
650 0 |a Government purchasing. 
650 0 |a Administrative agencies  |x Reorganization. 
650 0 |a Government productivity. 
948 |a cataloged  |b h  |c 2005/8/8  |d c  |e dmitchel  |f 12:00:00 pm 
994 |a C0  |b TXA 
999 |a MARS 
999 f f |s e59ad67b-3541-313d-95b1-eb9fa8829aa0  |i d0c47a4d-30f9-38d3-8214-9ac2171c5eb6  |t 0 
952 f f |p ric  |a Texas A&M University  |b Rellis Campus  |c Joint Library Facility  |d Remote Storage  |t 0  |e JF1525.O73 K45 2005  |h Library of Congress classification  |i unmediated -- volume  |m A14833202125 
952 f f |p ric  |a Texas A&M University  |b Rellis Campus  |c Joint Library Facility  |d Remote Storage  |t 0  |e JF1525.O73 K45 2005  |h Library of Congress classification  |i unmediated -- volume  |m A14832821269 
998 f f |a JF1525.O73 K45 2005  |t 0  |l Remote Storage 
998 f f |a JF1525.O73 K45 2005  |t 0  |l Remote Storage